How to prepare a research proposal : Guidelines for funding and dissertations in the social and behavioral sciences

Bibliographic Details
Main Author: Krathwohl, David R. (Author)
Format: Book
Language:English
Published: Syracuse, N.Y. : Distributed by Syracuse University Press 1998
Edition:Third Edition
Subjects:

MARC

LEADER 00000cam a2200000 7i4500
001 0000009844
005 20241004.0
008 011226 nyu eng
020 |a 0815681127 (pbk) 
040 |a INS   |b eng   |e rda 
090 0 0 |a HG177   |b .K73 1998 
100 1 |a Krathwohl, David R. ,   |e author 
245 1 0 |a How to prepare a research proposal :   |b Guidelines for funding and dissertations in the social and behavioral sciences   |c David R. Krathwohl 
250 |a Third Edition 
264 1 |a Syracuse, N.Y. :   |b Distributed by Syracuse University Press   |c 1998 
264 4 |c ©1998 
300 |a 302 pages ;   |c 25 cm. 
336 |a text  |2 rdacontent 
337 |a unmediated  |2 rdamedia 
338 |a volume  |2 rdacarrier 
504 |a Includes bibliographical references and index 
650 0 |a Proposal writing in the social science 
650 0 |a Social sciences   |x Research   |x Methodology 
999 |a 0000008966   |b BOOK   |c Open Shelf   |e Default branch